Language Quiz

Random Language or Letter Quiz
Score 0/38 Timer 08:00
0 Plays Today
Pattern Examples % Correct
B _ _ BBLOB, BOMB, BULB, ...
96.4%
P _ _ PPIMP, POOP, PROP, ...
92.3%
T _ _ TTENT, TEST, THAT, ...
92%
D _ _ DDEAD, DEED, DIED, ...
91.4%
N _ _ NNEON, NOON, NOUN, ...
90.4%
R _ _ RREAR, ROAR, RUER
89.3%
A _ _ AAREA, AQUA, AURA, ...
86.8%
S _ _ SSASS, SAYS, SEES,...
86.5%
K _ _ KKICK, KINK, KOOK, ...
84%
H _ _ HHASH, HIGH, HUSH, ...
81.3%
G _ _ GGANG, GONG, GROG, ...
79.3%
T _ _ _ TTHEFT, TOAST, TREAT, ...
72.4%
D _ _ _ DDATED, DINED, DROID, ...
72.4%
R _ _ _ RRACER, RAZOR, RIVER, ...
69.3%
L _ _ LLALL, LOLL, LULL, ...
67.4%
C _ _ CCHIC, CROC
63.3%
O _ _ OOLIO, ONTO, ORZO, ...
63%
E _ _ EEASE, EDGE, ELSE, ...
62.9%
X _ _ _ XXEROX
62.6%
Pattern Examples % Correct
L _ _ _ LLABEL, LOCAL, LOYAL, ...
58.7%
G _ _ _ GGLOGG, GOING, GULAG
56.6%
F _ _ _ FFLUFF, FEOFF
56.1%
H _ _ _ HHARSH, HITCH, HUNCH, ...
53.7%
M _ _ MMAIM, MALM, MUMM
53.5%
K _ _ _ KKAYAK, KIOSK, KNICK, ...
53.3%
P _ _ _ PPLUMP, POLYP, PRIMP, ...
49.6%
M _ _ _ MMADAM, MAXIM, MODEM, ...
48.9%
A _ _ _ AAGORA, ALPHA, AORTA, ...
48.6%
E _ _ _ EEAGLE, ELITE, ERASE, ...
47.8%
C _ _ _ CCOMIC, CUBIC, CYNIC, ...
42.5%
F _ _ FFIEF
40.4%
W _ _ WWHEW
36.5%
W _ _ _ WWIDOW
33.1%
B _ _ _ BBLURB
28.7%
Y _ _ _ YYOLKY, YUCKY, YUMMY, ...
22.9%
N _ _ _ NNOMEN, NUMEN, NYLON, ...
21.5%
O _ _ _ OORTHO, OUTDO, OUTGO, ...
17.4%
U _ _ UUNAU
2.8%
Remove Ads.
Support Sporcle.
Get the best of Sporcle when you Go Orange. This ad-free experience offers more features, more stats, and more fun while also helping to support Sporcle. Thank you for becoming a member.

You're not logged in!

Compare scores with friends on all Sporcle quizzes.
OR
Log In

Sporcle TV

Today on Sporcle TV


Watch our educational content, quiz creation guides, and fun videos on Sporcle TV.

Show Comments

Extras

Top Quizzes Today


Score Distribution

Paid Content

Your Account Isn't Verified!

In order to create a playlist on Sporcle, you need to verify the email address you used during registration. Go to your Sporcle Settings to finish the process.

Report this User

Report this user for behavior that violates our Community Guidelines.

Details: